000 00685nam a22002177a 4500
003 PE SENCICO BE
005 20251020182622.0
008 221215b |||||||| |||| 00| 0 eng d
040 _aPE SENCICO BE
_cPE SENCICO BE
041 _aspa
082 _a720.9273
_bS42
100 1 _9281
_aSerraino, Pierluigi
245 1 _aEero Saarinen :
_b1910-1961 un expresionista estructural /
_cPierluigi Serraino
250 _a[1a ed.]
260 _aKöln:
_bTaschen,
_c2005
300 _a96 p.:
_bil. col., lams.,
_c26 cm.
600 1 0 _9283
_aSaarinen, Eero
650 1 0 _aArquitectos
_zESTADOS UNIDOS
_9282
910 _bhfp
_chfp
942 _2ddc
_cLIB
_h920.9273
_iS42
999 _c3693
_d3693